[Event "DSJ Weihnachtsturnier U20 2020"]
[Site "https://play.chessbase.com/en/play?room=DSJWeihnachtU20"]
[Date "2020.12.29"]
[Round "6"]
[White "Kroschel, Anton"]
[Black "Gillmeister, Gino"]
[Result "0-1"]
[Termination "normal"]
[Board "13.3"]
[WhiteElo "1754"]
[BlackElo "1587"]
[WhiteTeam "Lübecker SV von 1873"]
[BlackTeam "SC Borussia Lichtenberg"]
[PlyCount "102"]
[WhiteFideId "12969834"]
[BlackFideId "16224914"]
[EventRounds "7"]
[EventType "team-swiss"]
[EventDate "2020.12.29"]

1. Nf3 {[%emt 0:00:05]} b6 {[%emt 0:00:02]} 2. g3 {[%emt 0:00:03]} Bb7 { [%emt
0:00:02]} 3. Bg2 {[%emt 0:00:00]} e6 {[%emt 0:00:01]} 4. d4 {[%emt 0:00:02]} f5
{[%emt 0:00:02]} 5. O-O {[%emt 0:00:07]} Nf6 {[%emt 0:00:03]} 6. c4 { [%emt
0:00:02]} Be7 {[%emt 0:00:03]} 7. Nc3 {[%emt 0:00:12]} O-O {[%emt 0:00:03]} 8.
b3 {[%emt 0:00:20]} Ne4 {[%emt 0:00:10]} 9. Bb2 {[%emt 0:00:29]} Bf6 { [%emt
0:00:03]} 10. Nxe4 {[%emt 0:00:13]} Bxe4 {[%emt 0:00:03]} 11. Qd2 { [%emt
0:00:20]} d6 {[%emt 0:00:12]} 12. Rac1 {[%emt 0:00:16]} Nd7 {[%emt 0:00:03]}
13. Ba3 {[%emt 0:01:45]} e5 {[%emt 0:00:22]} 14. dxe5 {[%emt 0:00:23]} Nxe5
{[%emt 0:00:14]} 15. Nxe5 {[%emt 0:00:04]} Bxg2 {[%emt 0:00:07]} 16. Kxg2
{[%emt 0:00:02]} Bxe5 {[%emt 0:00:02]} 17. Bb2 {[%emt 0:00:15]} Qe7 {[%emt
0:00:13]} 18. Qd5+ {[%emt 0:00:40]} Kh8 {[%emt 0:00:10]} 19. Bxe5 {[%emt
0:00:23] } Qxe5 {[%emt 0:00:27]} 20. e3 {[%emt 0:00:28]} a5 {[%emt 0:00:07]}
21. Rfd1 { [%emt 0:00:27]} Rae8 {[%emt 0:00:04]} 22. Kg1 {[%emt 0:00:29]} h6
{[%emt 0:00:18]} 23. Rd4 {[%emt 0:00:47]} Re7 {[%emt 0:00:22]} 24. Qf3 {[%emt
0:00:15]} Rfe8 {[%emt 0:00:10]} 25. Rcd1 {[%emt 0:00:02]} g6 {[%emt 0:00:06]}
26. h4 { [%emt 0:00:10]} Kg7 {[%emt 0:00:03]} 27. Kg2 {[%emt 0:00:03]} h5
{[%emt 0:00:13]} 28. R1d2 {[%emt 0:00:35]} a4 {[%emt 0:00:29]} 29. bxa4 {[%emt
0:00:45]} Qa5 {[%emt 0:00:12]} 30. Qf4 {[%emt 0:00:11]} Qxa4 {[%emt 0:00:12]}
31. Qg5 { [%emt 0:00:01]} Re4 {[%emt 0:00:11]} 32. Rxe4 {[%emt 0:00:14]} Rxe4
{[%emt 0:00:03]} 33. Rd5 {[%emt 0:00:06]} Qxc4 {[%emt 0:00:44]} 34. Rxf5 {[%emt
0:00:09] } Qe6 {[%emt 0:00:08]} 35. Rd5 {[%emt 0:00:20]} c6 {[%emt 0:00:36]}
36. Rd2 { [%emt 0:00:05]} Qf6 {[%emt 0:00:13]} 37. Qxf6+ {[%emt 0:00:07]} Kxf6
{[%emt 0:00:00]} 38. Rxd6+ {[%emt 0:00:01]} Re6 {[%emt 0:00:01]} 39. Rxc6
{[%emt 0:00:00]} Rxc6 {[%emt 0:00:03]} 40. Kf3 {[%emt 0:00:09]} Rc2 {[%emt
0:00:02]} 41. a4 {[%emt 0:00:04]} Ra2 {[%emt 0:00:01]} 42. e4 {[%emt 0:00:01]}
Rxa4 {[%emt 0:00:01]} 43. Kf4 {[%emt 0:00:00]} Rc4 {[%emt 0:00:01]} 44. f3
{[%emt 0:00:01]} Rc5 {[%emt 0:00:01]} 45. g4 {[%emt 0:00:03]} hxg4 {[%emt
0:00:02]} 46. fxg4 { [%emt 0:00:01]} b5 {[%emt 0:00:00]} 47. g5+ {[%emt
0:00:03]} Ke6 {[%emt 0:00:02]} 48. Kg4 {[%emt 0:00:01]} b4 {[%emt 0:00:01]} 49.
h5 {[%emt 0:00:00]} gxh5+ {[%emt 0:00:01]} 50. Kxh5 {[%emt 0:00:00]} Rxg5+
{[%emt 0:00:01]} 51. Kh6 { [%emt 0:00:08]} Rg2 {[%emt 0:00:04]} 0-1

[Event "DSJ Weihnachtsturnier U20 2020"]
[Site "https://play.chessbase.com/en/play?room=DSJWeihnachtU20"]
[Date "2020.12.29"]
[Round "6"]
[White "Schöneberg, Kevin"]
[Black "Stülcken, Philipp"]
[Result "0-1"]
[Termination "normal"]
[Board "13.4"]
[WhiteElo "946"]
[BlackElo "1459"]
[WhiteTeam "SC Borussia Lichtenberg"]
[BlackTeam "Lübecker SV von 1873"]
[PlyCount "51"]
[BlackFideId "12986232"]
[EventRounds "7"]
[EventType "team-swiss"]
[EventDate "2020.12.29"]

1. d4 {[%emt 0:00:03]} Nf6 {[%emt 0:00:02]} 2. Bf4 {[%emt 0:00:04]} g6 { [%emt
0:00:06]} 3. Nc3 {[%emt 0:00:02]} d6 {[%emt 0:00:02]} 4. e4 {[%emt 0:00:03]}
Bg7 {[%emt 0:00:01]} 5. Qd2 {[%emt 0:00:02]} Nc6 {[%emt 0:00:07]} 6. O-O-O
{[%emt 0:00:07]} Nh5 {[%emt 0:00:19]} 7. Bh6 {[%emt 0:00:04]} Bxd4 {[%emt
0:00:27]} 8. g4 {[%emt 0:00:20]} Nf6 {[%emt 0:00:04]} 9. f3 {[%emt 0:00:08]}
Bd7 { [%emt 0:00:26]} 10. h4 {[%emt 0:00:07]} Bb6 {[%emt 0:00:20]} 11. Nd5
{[%emt 0:00:15]} Nxd5 {[%emt 0:00:12]} 12. exd5 {[%emt 0:00:01]} Ne5 {[%emt
0:00:05]} 13. Be2 {[%emt 0:00:16]} e6 {[%emt 0:00:12]} 14. f4 {[%emt 0:00:02]}
exd5 { [%emt 0:00:24]} 15. fxe5 {[%emt 0:00:03]} d4 {[%emt 0:00:36]} 16. Bg5
{[%emt 0:00:25]} Qc8 {[%emt 0:00:05]} 17. exd6 {[%emt 0:00:08]} Bxg4 {[%emt
0:00:08]} 18. Bxg4 {[%emt 0:00:09]} Qxg4 {[%emt 0:00:01]} 19. Qe1+ {[%emt
0:00:05]} Kf8 { [%emt 0:00:25]} 20. Qe7+ {[%emt 0:00:09]} Kg8 {[%emt 0:00:01]}
21. dxc7 { [%emt 0:00:43]} Qg2 {[%emt 0:00:13]} 22. Ne2 {[%emt 0:00:10]} Bxc7
{[%emt 0:00:07]} 23. Nxd4 {[%emt 0:00:19]} Bd8 {[%emt 0:00:22]} 24. Qe2 {[%emt
0:00:31]} Bxg5+ {[%emt 0:00:11]} 25. Qd2 {[%emt 0:00:04]} Bxd2+ {[%emt
0:00:06]} 26. Kb1 {[%emt 0:00:03]} 0-1

[Event "DSJ Weihnachtsturnier U20 2020"]
[Site "https://play.chessbase.com/en/play?room=DSJWeihnachtU20"]
[Date "2020.12.29"]
[Round "6"]
[White "Kamp, Aaron"]
[Black "Ortmeier, Leonhard"]
[Result "0-1"]
[Termination "time forfeit"]
[Board "14.1"]
[BlackTitle "FM"]
[WhiteElo "1771"]
[BlackElo "2290"]
[WhiteTeam "Schachklub Münster 32 2"]
[BlackTeam "Schachklub Münster 32"]
[PlyCount "70"]
[WhiteFideId "16231120"]
[BlackFideId "12993662"]
[EventRounds "7"]
[EventType "team-swiss"]
[EventDate "2020.12.29"]

1. e4 {[%emt 0:00:10]} c5 {[%emt 0:00:15]} 2. e5 {[%emt 0:00:03]} Nc6 {[%emt
0:00:02]} 3. f4 {[%emt 0:00:02]} d5 {[%emt 0:00:25]} 4. Nf3 {[%emt 0:00:03]} g6
{ [%emt 0:00:09]} 5. Bb5 {[%emt 0:00:03]} Qc7 {[%emt 0:00:07]} 6. O-O {[%emt
0:00:05]} Bg7 {[%emt 0:00:03]} 7. d4 {[%emt 0:00:08]} cxd4 {[%emt 0:00:11]} 8.
Nxd4 {[%emt 0:00:05]} e6 {[%emt 0:00:12]} 9. Be3 {[%emt 0:00:12]} Nge7 { [%emt
0:00:03]} 10. Nc3 {[%emt 0:00:07]} a6 {[%emt 0:00:03]} 11. Be2 {[%emt 0:00:11]}
h5 {[%emt 0:00:07]} 12. a4 {[%emt 0:00:16]} b6 {[%emt 0:00:09]} 13. Na2 {[%emt
0:00:29]} Bb7 {[%emt 0:00:07]} 14. Nxc6 {[%emt 0:00:16]} Nxc6 {[%emt 0:00:03]}
15. c4 {[%emt 0:00:35]} d4 {[%emt 0:01:09]} 16. Bd2 {[%emt 0:00:59]} a5 {[%emt
0:00:36]} 17. Nc1 {[%emt 0:00:25]} O-O {[%emt 0:00:21]} 18. Nd3 { [%emt
0:00:20]} Rfd8 {[%emt 0:00:05]} 19. Bf3 {[%emt 0:00:14]} Ne7 {[%emt 0:00:16]}
20. b3 {[%emt 0:00:33]} Nf5 {[%emt 0:00:09]} 21. Qe2 {[%emt 0:00:30]} Bf8
{[%emt 0:00:07]} 22. Nf2 {[%emt 0:00:39]} Bc5 {[%emt 0:00:19]} 23. Nd3 { [%emt
0:00:18]} Rd7 {[%emt 0:00:08]} 24. Nxc5 {[%emt 0:00:10]} Qxc5 {[%emt 0:00:06]}
25. Qd3 {[%emt 0:00:30]} Rad8 {[%emt 0:00:09]} 26. Bxb7 {[%emt 0:00:19] } Rxb7
{[%emt 0:00:00]} 27. Rfe1 {[%emt 0:00:24]} Rbd7 {[%emt 0:00:11]} 28. Rab1
{[%emt 0:00:10]} Qc6 {[%emt 0:00:04]} 29. Rbd1 {[%emt 0:01:09]} Kg7 { [%emt
0:00:07]} 30. Rb1 {[%emt 0:00:24]} h4 {[%emt 0:00:13]} 31. Qe4 {[%emt 0:00:04]}
Qc5 {[%emt 0:00:05]} 32. b4 {[%emt 0:00:31]} axb4 {[%emt 0:00:13]} 33. Rxb4
{[%emt 0:00:08]} d3+ {[%emt 0:00:01]} 34. Kh1 {[%emt 0:00:19]} Rh8 { [%emt
0:01:11]} 35. Be3 {[%emt 0:00:16]} Nxe3 {[%emt 0:00:12] TimeW} 0-1

[Event "DSJ Weihnachtsturnier U20 2020"]
[Site "https://play.chessbase.com/en/play?room=DSJWeihnachtU20"]
[Date "2020.12.29"]
[Round "6"]
[White "Kamp, Adrian"]
[Black "Weidemann, Jakob"]
[Result "1/2-1/2"]
[Termination "normal"]
[Board "14.2"]
[WhiteElo "1982"]
[BlackElo "1570"]
[WhiteTeam "Schachklub Münster 32"]
[BlackTeam "Schachklub Münster 32 2"]
[PlyCount "120"]
[WhiteFideId "16222466"]
[BlackFideId "16255470"]
[EventRounds "7"]
[EventType "team-swiss"]
[EventDate "2020.12.29"]

1. e4 {[%emt 0:00:13]} c5 {[%emt 0:00:06]} 2. d4 {[%emt 0:00:05]} cxd4 { [%emt
0:00:03]} 3. c3 {[%emt 0:00:01]} d3 {[%emt 0:00:02]} 4. Bxd3 {[%emt 0:00:02]}
Nc6 {[%emt 0:00:05]} 5. c4 {[%emt 0:00:03]} d6 {[%emt 0:00:01]} 6. h3 { [%emt
0:00:06]} g6 {[%emt 0:00:04]} 7. Nf3 {[%emt 0:00:03]} Bg7 {[%emt 0:00:18] } 8.
O-O {[%emt 0:00:10]} Nf6 {[%emt 0:00:07]} 9. Nc3 {[%emt 0:00:06]} O-O { [%emt
0:00:06]} 10. Qe2 {[%emt 0:00:07]} Nd7 {[%emt 0:00:11]} 11. Bg5 {[%emt
0:00:18]} Nde5 {[%emt 0:00:14]} 12. Nxe5 {[%emt 0:00:22]} Nxe5 {[%emt 0:00:00]}
13. Nd5 {[%emt 0:00:10]} Re8 {[%emt 0:00:09]} 14. Rfd1 {[%emt 0:00:55]} Nxd3 {
[%emt 0:00:08]} 15. Rxd3 {[%emt 0:00:10]} b6 {[%emt 0:00:10]} 16. Rad1 { [%emt
0:00:33]} Bb7 {[%emt 0:00:29]} 17. b3 {[%emt 0:00:54]} Rc8 {[%emt 0:00:13]} 18.
f4 {[%emt 0:00:22]} Bxd5 {[%emt 0:00:28]} 19. Rxd5 {[%emt 0:00:05]} Qc7 {[%emt
0:00:07]} 20. e5 {[%emt 0:00:32]} dxe5 {[%emt 0:00:13]} 21. fxe5 { [%emt
0:00:00]} Rcd8 {[%emt 0:00:18]} 22. e6 {[%emt 0:00:20]} Rxd5 {[%emt 0:00:14]}
23. Rxd5 {[%emt 0:00:26]} Rd8 {[%emt 0:00:07]} 24. Qd3 {[%emt 0:01:03]} Rxd5
{[%emt 0:00:41]} 25. Qxd5 {[%emt 0:00:00]} fxe6 {[%emt 0:00:03]} 26. Qxe6+
{[%emt 0:00:05]} Kf8 {[%emt 0:00:01]} 27. Kh1 {[%emt 0:00:19]} Qd6 {[%emt
0:00:18]} 28. Qxd6 {[%emt 0:00:09]} exd6 {[%emt 0:00:00]} 29. Kg1 {[%emt
0:00:10]} Kf7 {[%emt 0:00:05]} 30. Kf2 {[%emt 0:00:03]} Ke6 {[%emt 0:00:01]}
31. Ke2 { [%emt 0:00:04]} d5 {[%emt 0:00:05]} 32. Kd3 {[%emt 0:00:06]} Be5
{[%emt 0:00:13]} 33. Be3 {[%emt 0:00:09]} Bd6 {[%emt 0:00:10]} 34. g4 {[%emt
0:00:04]} h5 { [%emt 0:00:07]} 35. a4 {[%emt 0:00:10]} Bc7 {[%emt 0:00:12]} 36.
Bd4 {[%emt 0:00:19]} Bd6 {[%emt 0:00:06]} 37. a5 {[%emt 0:00:13]} Bc5 {[%emt
0:00:19]} 38. axb6 {[%emt 0:00:10]} axb6 {[%emt 0:00:04]} 39. Bc3 {[%emt
0:00:22]} Kd6 { [%emt 0:00:27]} 40. b4 {[%emt 0:00:07]} Bf2 {[%emt 0:00:03]}
41. Bd4 {[%emt 0:00:09]} Bxd4 {[%emt 0:00:26]} 42. Kxd4 {[%emt 0:00:00]} dxc4
{[%emt 0:00:09]} 43. Kxc4 {[%emt 0:00:01]} Kc6 {[%emt 0:00:05]} 44. gxh5 {[%emt
0:00:02]} gxh5 { [%emt 0:00:07]} 45. h4 {[%emt 0:00:04]} b5+ {[%emt 0:00:04]}
46. Kd4 {[%emt 0:00:13]} Kd6 {[%emt 0:00:04]} 47. Ke4 {[%emt 0:00:01]} Ke6
{[%emt 0:00:06]} 48. Kd4 {[%emt 0:00:01]} Kf5 {[%emt 0:00:26]} 49. Kc5 {[%emt
0:00:02]} Kg4 { [%emt 0:00:01]} 50. Kxb5 {[%emt 0:00:01]} Kxh4 {[%emt 0:00:00]}
51. Kc5 { [%emt 0:00:05]} Kg4 {[%emt 0:00:05]} 52. b5 {[%emt 0:00:02]} h4
{[%emt 0:00:00] } 53. b6 {[%emt 0:00:00]} h3 {[%emt 0:00:00]} 54. b7 {[%emt
0:00:00]} h2 { [%emt 0:00:01]} 55. b8=Q {[%emt 0:00:01]} h1=Q {[%emt 0:00:05]}
56. Qg8+ { [%emt 0:00:11]} Kf4 {[%emt 0:00:05]} 57. Qf7+ {[%emt 0:00:10]} Ke3
{[%emt 0:00:08]} 58. Qb3+ {[%emt 0:00:06]} Ke2 {[%emt 0:00:09]} 59. Qc2+ {[%emt
0:00:07]} Kf3 {[%emt 0:00:08]} 60. Qf5+ {[%emt 0:00:07]} Kg3 {[%emt 0:00:08]
Muenst1-002 offers a draw Arbiter Decision (Draw by material), result=1}
1/2-1/2

[Event "DSJ Weihnachtsturnier U20 2020"]
[Site "https://play.chessbase.com/en/play?room=DSJWeihnachtU20"]
[Date "2020.12.29"]
[Round "6"]
[White "Kvantaliani, Saba"]
[Black "Schröder, Lennart"]
[Result "1-0"]
[Termination "normal"]
[Board "14.3"]
[WhiteElo "1535"]
[BlackElo "1906"]
[WhiteTeam "Schachklub Münster 32 2"]
[BlackTeam "Schachklub Münster 32"]
[PlyCount "49"]
[WhiteFideId "16284364"]
[BlackFideId "16222490"]
[EventRounds "7"]
[EventType "team-swiss"]
[EventDate "2020.12.29"]

1. e4 {[%emt 0:00:03]} e6 {[%emt 0:00:03]} 2. Nf3 {[%emt 0:00:02]} d5 {[%emt
0:00:02]} 3. exd5 {[%emt 0:00:01]} exd5 {[%emt 0:00:01]} 4. d4 {[%emt 0:00:07]}
Bd6 {[%emt 0:00:03]} 5. c4 {[%emt 0:00:04]} dxc4 {[%emt 0:00:07]} 6. Bxc4 {
[%emt 0:00:02]} Nf6 {[%emt 0:00:04]} 7. O-O {[%emt 0:00:05]} O-O {[%emt
0:00:06]} 8. Bg5 {[%emt 0:00:04]} Nbd7 {[%emt 0:00:15]} 9. Nc3 {[%emt 0:00:03]}
a6 { [%emt 0:00:03]} 10. Ne4 {[%emt 0:00:13]} Be7 {[%emt 0:00:07]} 11. Ng3
{[%emt 0:00:17]} b5 {[%emt 0:00:07]} 12. Bb3 {[%emt 0:00:04]} h6 {[%emt
0:00:04]} 13. Bf4 {[%emt 0:00:25]} Nb6 {[%emt 0:00:13]} 14. Ne5 {[%emt
0:00:12]} Bb7 { [%emt 0:00:17]} 15. Rc1 {[%emt 0:00:04]} Nbd5 {[%emt 0:00:07]}
16. Be3 { [%emt 0:00:31]} Bd6 {[%emt 0:00:31]} 17. Nf5 {[%emt 0:00:18]} Nxe3
{[%emt 0:00:20]} 18. Nxe3 {[%emt 0:00:13]} Nd7 {[%emt 0:00:20]} 19. Nxf7 {[%emt
0:01:07]} Rxf7 {[%emt 0:00:00]} 20. Qh5 {[%emt 0:00:02]} Qf8 {[%emt 0:00:28]}
21. Nf5 { [%emt 0:00:13]} Be4 {[%emt 0:00:49]} 22. Nxh6+ {[%emt 0:00:52]} gxh6
{[%emt 0:00:07]} 23. Qg4+ {[%emt 0:00:04]} Qg7 {[%emt 0:00:07]} 24. Qxe4 {[%emt
0:00:04] } Kh8 {[%emt 0:00:18]} 25. Qxa8+ {[%emt 0:00:10]} 1-0

[Event "DSJ Weihnachtsturnier U20 2020"]
[Site "https://play.chessbase.com/en/play?room=DSJWeihnachtU20"]
[Date "2020.12.29"]
[Round "6"]
[White "Toval, David"]
[Black "John, Niklas"]
[Result "0-1"]
[Termination "time forfeit"]
[Board "14.4"]
[WhiteElo "1857"]
[BlackElo "1521"]
[WhiteTeam "Schachklub Münster 32"]
[BlackTeam "Schachklub Münster 32 2"]
[PlyCount "58"]
[WhiteFideId "12992755"]
[BlackFideId "16234626"]
[EventRounds "7"]
[EventType "team-swiss"]
[EventDate "2020.12.29"]

1. e4 {[%emt 0:00:02]} c5 {[%emt 0:00:08]} 2. Nf3 {[%emt 0:00:07]} d6 {[%emt
0:00:02]} 3. d4 {[%emt 0:00:01]} cxd4 {[%emt 0:00:03]} 4. Nxd4 {[%emt 0:00:00]}
Nf6 {[%emt 0:00:01]} 5. Nc3 {[%emt 0:00:02]} g6 {[%emt 0:00:01]} 6. f3 { [%emt
0:00:04]} Bg7 {[%emt 0:00:03]} 7. Bc4 {[%emt 0:00:03]} Nc6 {[%emt 0:00:05]} 8.
Be3 {[%emt 0:00:03]} O-O {[%emt 0:00:02]} 9. Qd2 {[%emt 0:00:06]} Bd7 { [%emt
0:00:02]} 10. O-O-O {[%emt 0:00:03]} Rc8 {[%emt 0:00:02]} 11. Bb3 { [%emt
0:00:02]} Nxd4 {[%emt 0:00:07]} 12. Bxd4 {[%emt 0:00:04]} b5 {[%emt 0:00:03]}
13. g4 {[%emt 0:00:20]} a5 {[%emt 0:00:13]} 14. a4 {[%emt 0:00:10]} bxa4 {
[%emt 0:00:23]} 15. Nxa4 {[%emt 0:00:17]} Qc7 {[%emt 0:01:21]} 16. Nb6 { [%emt
0:00:52]} Rb8 {[%emt 0:00:50]} 17. Nxd7 {[%emt 0:04:04]} Nxd7 {[%emt 0:01:19]}
18. Bxg7 {[%emt 0:00:44]} Kxg7 {[%emt 0:00:27]} 19. Qd4+ {[%emt 0:01:11]} Kg8
{[%emt 0:00:05]} 20. Qc4 {[%emt 0:00:27]} Nc5 {[%emt 0:00:26]} 21. Ba2 {[%emt
0:00:20]} Rb4 {[%emt 0:00:42]} 22. Qc3 {[%emt 0:00:35]} Rfb8 {[%emt 0:01:10]}
23. Kd2 {[%emt 0:00:44]} Rxb2 {[%emt 0:00:47]} 24. Qc4 {[%emt 0:00:14]} e6
{[%emt 0:00:38]} 25. h4 {[%emt 0:00:06]} R8b4 {[%emt 0:00:04]} 26. Qc3 { [%emt
0:00:07]} Rxa2 {[%emt 0:00:09]} 27. h5 {[%emt 0:00:02]} Rbb2 {[%emt 0:00:36]}
28. hxg6 {[%emt 0:00:02]} Nxe4+ {[%emt 0:00:18]} 29. fxe4 {[%emt 0:00:06]}
Rxc2+ {[%emt 0:00:08] TimeW} 0-1

[Event "DSJ Weihnachtsturnier U20 2020"]
[Site "https://play.chessbase.com/en/play?room=DSJWeihnachtU20"]
[Date "2020.12.29"]
[Round "6"]
[White "Petrow, Jonas"]
[Black "Mark, Philipp"]
[Result "1-0"]
[Termination "normal"]
[Board "15.1"]
[WhiteElo "1811"]
[BlackElo "1702"]
[WhiteTeam "TuS Makkabi Rostock"]
[BlackTeam "SC Windischeschenbach"]
[PlyCount "159"]
[WhiteFideId "12991805"]
[BlackFideId "16260929"]
[EventRounds "7"]
[EventType "team-swiss"]
[EventDate "2020.12.29"]

1. d4 {[%emt 0:00:05]} Nf6 {[%emt 0:00:01]} 2. c4 {[%emt 0:00:02]} e6 {[%emt
0:00:01]} 3. Nf3 {[%emt 0:00:02]} b6 {[%emt 0:00:01]} 4. g3 {[%emt 0:00:01]}
Bb7 {[%emt 0:00:01]} 5. Bg2 {[%emt 0:00:01]} Be7 {[%emt 0:00:00]} 6. O-O {[%emt
0:00:02]} O-O {[%emt 0:00:00]} 7. Nc3 {[%emt 0:00:07]} Ne4 {[%emt 0:00:01]} 8.
Qc2 {[%emt 0:00:07]} Nxc3 {[%emt 0:00:02]} 9. Qxc3 {[%emt 0:00:02]} f5 { [%emt
0:00:01]} 10. b3 {[%emt 0:00:09]} Bf6 {[%emt 0:00:16]} 11. Bb2 {[%emt 0:00:01]}
d6 {[%emt 0:00:58]} 12. Rad1 {[%emt 0:00:07]} Nd7 {[%emt 0:00:28]} 13. Qc2
{[%emt 0:00:12]} Be4 {[%emt 0:00:32]} 14. Qd2 {[%emt 0:00:45]} Qe7 { [%emt
0:00:32]} 15. Ne1 {[%emt 0:00:48]} Bxg2 {[%emt 0:00:04]} 16. Nxg2 { [%emt
0:00:08]} Rad8 {[%emt 0:00:49]} 17. Rfe1 {[%emt 0:00:12]} e5 {[%emt 0:01:35]}
18. dxe5 {[%emt 0:00:03]} dxe5 {[%emt 0:00:14]} 19. Ne3 {[%emt 0:00:04]} Nc5
{[%emt 0:00:36]} 20. Qc2 {[%emt 0:00:05]} g6 {[%emt 0:00:14]} 21. Nd5 { [%emt
0:00:03]} Qf7 {[%emt 0:00:04]} 22. Nxf6+ {[%emt 0:00:03]} Qxf6 {[%emt 0:00:01]}
23. Qc3 {[%emt 0:00:24]} Rde8 {[%emt 0:00:53]} 24. Rd5 {[%emt 0:00:14]} Ne4
{[%emt 0:00:38]} 25. Qe3 {[%emt 0:01:24]} Rf7 {[%emt 0:00:47]} 26. f3 { [%emt
0:00:15]} c6 {[%emt 0:00:01]} 27. Rd3 {[%emt 0:00:54]} Nc5 {[%emt 0:00:05]} 28.
Rd2 {[%emt 0:00:11]} f4 {[%emt 0:00:19]} 29. gxf4 {[%emt 0:00:26]} Qxf4 {[%emt
0:00:00]} 30. Qxf4 {[%emt 0:00:02]} exf4 {[%emt 0:00:01]} 31. Kf2 { [%emt
0:00:12]} Rfe7 {[%emt 0:00:18]} 32. Bf6 {[%emt 0:00:48]} Rf7 {[%emt 0:00:17]}
33. Bd4 {[%emt 0:00:23]} Ne6 {[%emt 0:00:06]} 34. Bc3 {[%emt 0:00:06]} Ng7
{[%emt 0:00:23]} 35. e4 {[%emt 0:00:31]} fxe3+ {[%emt 0:00:08]} 36. Rxe3 {
[%emt 0:00:01]} Rfe7 {[%emt 0:00:05]} 37. Rxe7 {[%emt 0:00:07]} Rxe7 {[%emt
0:00:01]} 38. Rd6 {[%emt 0:00:08]} c5 {[%emt 0:00:11]} 39. Rd8+ {[%emt
0:00:07]} Kf7 {[%emt 0:00:02]} 40. Rh8 {[%emt 0:00:07]} h5 {[%emt 0:00:09]} 41.
Rh7 { [%emt 0:00:02]} Kg8 {[%emt 0:00:03]} 42. Rxg7+ {[%emt 0:00:52]} Rxg7
{[%emt 0:00:00]} 43. Bxg7 {[%emt 0:00:01]} Kxg7 {[%emt 0:00:00]} 44. Ke3 {[%emt
0:00:04] } Kf6 {[%emt 0:00:01]} 45. Ke4 {[%emt 0:00:46]} Ke6 {[%emt 0:00:02]}
46. Kf4 { [%emt 0:00:02]} Kf6 {[%emt 0:00:01]} 47. h4 {[%emt 0:00:02]} a6
{[%emt 0:00:12] } 48. a3 {[%emt 0:00:15]} a5 {[%emt 0:00:01]} 49. a4 {[%emt
0:00:01]} Ke6 { [%emt 0:00:14]} 50. Kg5 {[%emt 0:00:01]} Kf7 {[%emt 0:00:01]}
51. f4 {[%emt 0:00:01]} Kg7 {[%emt 0:00:01]} 52. f5 {[%emt 0:00:01]} gxf5
{[%emt 0:00:06]} 53. Kxf5 {[%emt 0:00:00]} Kh6 {[%emt 0:00:03]} 54. Kf6 {[%emt
0:00:01]} Kh7 { [%emt 0:00:01]} 55. Kg5 {[%emt 0:00:00]} b5 {[%emt 0:00:01]}
56. Kxh5 {[%emt 0:00:00]} bxa4 {[%emt 0:00:01]} 57. bxa4 {[%emt 0:00:01]} Kg7
{[%emt 0:00:00]} 58. Kg5 {[%emt 0:00:01]} Kf7 {[%emt 0:00:01]} 59. Kf5 {[%emt
0:00:01]} Ke7 { [%emt 0:00:01]} 60. Ke5 {[%emt 0:00:01]} Kf7 {[%emt 0:00:01]}
61. Kd5 {[%emt 0:00:01]} Kg6 {[%emt 0:00:00]} 62. Kxc5 {[%emt 0:00:00]} Kh5
{[%emt 0:00:00]} 63. Kb5 {[%emt 0:00:00]} Kxh4 {[%emt 0:00:00]} 64. Kxa5 {[%emt
0:00:00]} Kg4 { [%emt 0:00:00]} 65. Kb6 {[%emt 0:00:00]} Kf5 {[%emt 0:00:00]}
66. c5 {[%emt 0:00:01]} Ke6 {[%emt 0:00:00]} 67. Kb7 {[%emt 0:00:03]} Kd7
{[%emt 0:00:00]} 68. c6+ {[%emt 0:00:00]} Kd8 {[%emt 0:00:00]} 69. c7+ {[%emt
0:00:00]} Kd7 { [%emt 0:00:01]} 70. c8=Q+ {[%emt 0:00:01]} Kd6 {[%emt 0:00:00]}
71. Qc6+ { [%emt 0:00:02]} Ke5 {[%emt 0:00:00]} 72. a5 {[%emt 0:00:01]} Kf4
{[%emt 0:00:00]} 73. a6 {[%emt 0:00:00]} Ke3 {[%emt 0:00:01]} 74. a7 {[%emt
0:00:00]} Kd2 { [%emt 0:00:00]} 75. a8=Q {[%emt 0:00:01]} Ke3 {[%emt 0:00:00]}
76. Qd8 { [%emt 0:00:01]} Kf4 {[%emt 0:00:00]} 77. Qe6 {[%emt 0:00:03]} Kg3
{[%emt 0:00:01]} 78. Qf8 {[%emt 0:00:01]} Kh4 {[%emt 0:00:00]} 79. Qg6 {[%emt
0:00:02]} Kh3 {[%emt 0:00:01]} 80. Qh8# {[%emt 0:00:02]} 1-0